00598cam a22001812 4500001001100000005001700011008004100028020002600069040001500095050001500110100003400125245007000159260005200229300001500281600002900296600004100325650005000366000000127320151217151811.0070228s xx 000 0 eng d a0674008375 :cKES 400 aKABUcKABU 0aHB83b.R681 aRothschild, Emma.@000014990710aEconomic sentiments :bAdam Smith, Condorcet and the enlightment. aCambridge, Mass. :bHarvard Univ. Press,c2001. aix, 353 p.10aSmith, Adam.@000014990810aCondorcet, Jean-Antoine.@0000149909 0aEconomicsxHistoryy18th century.@0000149910